书目信息 |
| 题名: |
工程总承包全过程法律风险管理实务
|
|
| 作者: | 朱树英 主编 ;上海市建纬律师事务所 编著 | |
| 分册: | ||
| 出版信息: | 北京 法律出版社 2022.03 |
|
| 页数: | 384页 | |
| 开本: | 24cm | |
| 丛书名: | ||
| 单 册: | ||
| 中图分类: | D922.297.4 | |
| 科图分类: | ||
| 主题词: | 建筑工程--jian zhu gong cheng--承包工程--法律--研究--中国 | |
| 电子资源: | ||
| ISBN: | 978-7-5197-6376-3 | |
| 000 | 01294nam0 2200265 450 | |
| 001 | 24763 | |
| 005 | 20220918095957.78 | |
| 010 | @a978-7-5197-6376-3@dCNY99.00 | |
| 100 | @a20220606d2022 em y0chiy50 ea | |
| 101 | 0 | @achi |
| 102 | @aCN@b110000 | |
| 105 | @aa a 000yy | |
| 200 | 1 | @a工程总承包全过程法律风险管理实务@Agong cheng zong cheng bao quan guo cheng fa lu^ feng xian guan li shi wu@f上海市建纬律师事务所编著@g主编朱树英 |
| 210 | @a北京@c法律出版社@d2022.03 | |
| 215 | @a384页@c图@d24cm | |
| 300 | @a法商图书 法商·建设工程 | |
| 314 | @a朱树英, 建纬研究中心院长, 中国建设工程造价管理协会常务理事兼专家委员会副主任。 | |
| 320 | @a有书目 | |
| 330 | @a作为我国“十四五”期间建筑业转型升级的标志, 工程总承包模式正在国内兴起。随着相关法律制度的逐渐完善, 招标投标、签订合同、项目管理流程中的合规管理和法律风险防范越来越显重要。本书通过对工程总承包模式的全过程法律风险梳理, 厘清实践中的热点问题并归纳争点为律师同行和企业法务、项目管理人员提供了可资借鉴的经验, 值得引以关注。 | |
| 606 | 0 | @a建筑工程@Ajian zhu gong cheng@x承包工程@x法律@x研究@y中国 |
| 690 | @aD922.297.4@v5 | |
| 701 | 0 | @a朱树英@Azhu shu ying@4主编 |
| 712 | 02 | @a上海市建纬律师事务所@Ashang hai shi jian wei lu^ shi shi wu suo@4编著 |
| 801 | 0 | @aCN@c20220910 |
| 905 | @a河南城建学院图书馆@dD922.297.4@eZ870@f2 | |
| 工程总承包全过程法律风险管理实务/上海市建纬律师事务所编著/主编朱树英.-北京:法律出版社,2022.03 |
| 384页:图;24cm |
| 法商图书 法商·建设工程 |
| ISBN 978-7-5197-6376-3:CNY99.00 |
| 作为我国“十四五”期间建筑业转型升级的标志, 工程总承包模式正在国内兴起。随着相关法律制度的逐渐完善, 招标投标、签订合同、项目管理流程中的合规管理和法律风险防范越来越显重要。本书通过对工程总承包模式的全过程法律风险梳理, 厘清实践中的热点问题并归纳争点为律师同行和企业法务、项目管理人员提供了可资借鉴的经验, 值得引以关注。 |
| ● |
| 相关链接 |
|
|
|
正题名:工程总承包全过程法律风险管理实务
索取号:D922.297.4/Z870
 
预约/预借
| 序号 | 登录号 | 条形码 | 馆藏地/架位号 | 状态 | 备注 |
| 1 | 1575143 | 215751434 | 社科库509/509社科库 89排1列3层/ [索取号:D922.297.4/Z870] | 在馆 | |
| 2 | 1575144 | 215751443 | 社科库509/509社科库 89排1列3层/ [索取号:D922.297.4/Z870] | 在馆 |